ბათუმის შოთა რუსთაველის სახელმწიფო უნივერსიტეტის ბიბლიოთეკა

ბრმა მკვლელი (ბიბ.ჩანაწერი № 51330)

000 -LEADER
fixed length control field 00751nam a2200253Ia 4500
001 - CONTROL NUMBER
control field 18299
003 - CONTROL NUMBER IDENTIFIER
control field GE_BSU
008 - FIXED-LENGTH DATA ELEMENTS--GENERAL INFORMATION
fixed length control field 181216s||||||||xx |||||||||||||| ||und||
020 ## - INTERNATIONAL STANDARD BOOK NUMBER
International Standard Book Number 9789941114687
040 ## - CATALOGING SOURCE
Transcribing agency GE_BSU
080 ## - UNIVERSAL DECIMAL CLASSIFICATION NUMBER
Universal Decimal Classification number 821.111(71)-31
100 ## - MAIN ENTRY--PERSONAL NAME
Personal name ეტვუდი,მარგარეტ
245 ## - TITLE STATEMENT
Title ბრმა მკვლელი
245 ## - TITLE STATEMENT
Remainder of title [რომანი]
245 ## - TITLE STATEMENT
Statement of responsibility, etc. რედ.ლ.ბაქრაძე., მთარგმნ.თ.ჯაფარიძე
260 ## - PUBLICATION, DISTRIBUTION, ETC.
Place of publication, distribution, etc. თბილისი
260 ## - PUBLICATION, DISTRIBUTION, ETC.
Name of publisher, distributor, etc. დიოგენე
260 ## - PUBLICATION, DISTRIBUTION, ETC.
Date of publication, distribution, etc. 2014
300 ## - PHYSICAL DESCRIPTION
Extent 867გვ.20სმ.
653 ## - INDEX TERM--UNCONTROLLED
Uncontrolled term [რომანი]
653 ## - INDEX TERM--UNCONTROLLED
Uncontrolled term ბრმა მკვლელი
942 ## - ADDED ENTRY ELEMENTS (KOHA)
Koha item type წიგნი
ეგზემპლარები
Withdrawn status Lost status Damaged status Not for loan Date acquired Barcode Date last seen Price effective from Koha item type
        2018-12-17 46704 2018-12-17 2018-12-17 წიგნი